| 000 | 00687nam a2200217 a 4500 | ||
|---|---|---|---|
| 005 | 20250122063742.0 | ||
| 008 | 040506s1999 mx r 000 0 spa d | ||
| 020 | _a968367075X | ||
| 035 | _aUPN01000133317 | ||
| 049 | _aCG | ||
| 050 | 4 |
_aZA4080 _bL3.2 |
|
| 100 | 1 |
_aLafuente López, Ramiro _928933 |
|
| 245 | 1 | 0 |
_aBiblioteca digital y orden documental / _cRamiro Lafuente López. |
| 260 |
_aMéxico : _bUNAM, Centro Universitario de Investigaciones Bibliotecológicas, _c1999. |
||
| 300 | _a100 p. | ||
| 440 | 0 |
_aMonografías ; _v27 |
|
| 650 | 2 |
_aBibliotecas digitales _9296 |
|
| 650 | 2 |
_aTecnología de la información _94816 |
|
| 650 | 2 |
_aDocumentación _97871 |
|
| 905 | _aLibro | ||
| 999 |
_c105469 _d105469 |
||